00573nam a22002057a 450000500170000001000150001702000230003203500140005503700130006908200100008210000220009224500890011425000100020326000420021327000460025530000200030170000160032170000160033770000140035320241021150611.0 aENG-142217 a9381236119c100.00 aEN-125749 bDBAD/PUB a551.5 aSureshKumar, S.M. aAgricultural Meteorology/ cS.M. Sureshkumar, G. Baradhan, S. Maniaran and N. Ramesh aFirst aChennaibSri Velan Pathippagam c2012 a5, S.P. Koil StreetbChidambaram e608001 a148p.b21cm(pb) aG. Baradhan aS. Maniaran aN. Ramesh